[Event "1. OEsterreichische Internet Schach Meisterschaft - Vorrunde 1"]
[Site "Online - Playchess.com"]
[Date ""]
[Round "3"]
[Board "64"]
[White "Schein, Karl-Heinz"]
[Black "Reyhani, Adel"]
[Result "1-0"]
[WhiteElo "2187"]
[BlackElo "1918"]
[PlyCount "91"]
[EventDate "2020.04.11"]
[EventRounds "9"]
[EventCountry "AUT"]

1. e4 c5 2. Nf3 d6 3. Bb5+ Nd7 4. O-O Ngf6 5. Re1 g6 6. c3 Bg7 7. d4 O-O 8. Bg5
a6 9. Bf1 h6 10. Bh4 Qb6 11. Qc2 e5 12. Na3 Qc7 13. Rad1 g5 14. Bg3 Nh5 15. Nc4
Nxg3 16. hxg3 cxd4 17. cxd4 b5 18. Ne3 Qxc2 19. Nxc2 Bb7 20. d5 Nc5 21. b4 Na4
22. Ne3 Nc3 23. Rc1 Nxa2 24. Rc7 Bc8 25. Rb1 a5 26. bxa5 Rxa5 27. Bxb5 Ba6 28.
Bxa6 Rxa6 29. Rbb7 Ra4 30. Nf5 Rxe4 31. Nxd6 Rb4 32. Ra7 Rb1+ 33. Kh2 Rb2 34.
Nxf7 Nb4 35. N7xg5 Bf6 36. Ne4 Nxd5 37. Nxf6+ Nxf6 38. Nxe5 Nh5 39. Ng4 Rfxf2
40. Nxf2 Rxf2 41. Ra8+ Rf8 42. Raa7 Rf6 43. g4 Nf4 44. Rg7+ Kf8 45. Rh7 Ne6 46.
Rh8#  1-0

[Event "1. OEsterreichische Internet Schach Meisterschaft - Vorrunde 1"]
[Site "Online - Playchess.com"]
[Date ""]
[Round "3"]
[Board "65"]
[White "Rotter, Harald"]
[Black "Putz, Georg"]
[Result "1-0"]
[WhiteElo "1854"]
[BlackElo "2071"]
[PlyCount "151"]
[EventDate "2020.04.11"]
[EventRounds "9"]
[EventCountry "AUT"]

1. e4 c5 2. Nf3 d6 3. Bb5+ Bd7 4. a4 a6 5. Bxd7+ Nxd7 6. c3 Ngf6 7. d3 g6 8.
Bg5 Bg7 9. O-O O-O 10. Re1 b5 11. axb5 axb5 12. Nbd2 Qb6 13. Qe2 e5 14. Nb3 Qc6
15. Na5 Qc7 16. Nb3 h6 17. Be3 Kh7 18. h3 Qb7 19. Na5 Qb6 20. Nb3 Rfb8 21. Bd2
Qc7 22. d4 c4 23. Rxa8 Rxa8 24. Nc1 Ra1 25. b3 Nb6 26. dxe5 dxe5 27. Be3 cxb3
28. Bxb6 Qxb6 29. Nxb3 Rxe1+ 30. Qxe1 Nd7 31. Nbd2 Qc5 32. Qa1 Bf8 33. Nb3 Qa3
34. Nfd2 Qxa1+ 35. Nxa1 Nc5 36. Nab3 Nxb3 37. Nxb3 f5 38. f3 Kg7 39. Kf1 Kf6
40. Ke2 Ke6 41. Kd3 Kd6 42. Na5 Kc5 43. Nb3+ Kb6 44. Nd2 Bc5 45. Nb3 Bf2 46. g4
f4 47. Nd2 Be3 48. Nb3 Kc6 49. Na5+ Kb6 50. Nb3 Bf2 51. Kc2 Kc6 52. Kd3 Bg1 53.
Na5+ Kc5 54. Nb3+ Kd6 55. Na5 Bc5 56. Nb3 Ba3 57. Na5 b4 58. cxb4 Bxb4 59. Nc4+
Ke6 60. Nb6 Bc5 61. Nd5 g5 62. Kc4 Bd4 63. Nc7+ Kd6 64. Nd5 Ba1 65. Nf6 Ke6 66.
Ng8 Kf7 67. Nxh6+ Kg6 68. Nf5 Kf6 69. Kd5 Bb2 70. Nd6 Bc3 71. Ne8+ Ke7 72. Ng7
Kf6 73. Nh5+ Kg6 74. Ke6 Bd4 75. Nf6 Bb2 76. Nd7 {Affie gibt auf}  1-0

[Event "1. OEsterreichische Internet Schach Meisterschaft - Vorrunde 1"]
[Site "Online - Playchess.com"]
[Date ""]
[Round "3"]
[Board "66"]
[White "Filek, Mattias"]
[Black "Orgler, Philipp"]
[Result "1-0"]
[WhiteElo "1932"]
[BlackElo "2053"]
[PlyCount "37"]
[EventDate "2020.04.11"]
[EventRounds "9"]
[EventCountry "AUT"]

1. e4 c5 2. Nf3 d6 3. d4 cxd4 4. Nxd4 Nf6 5. Nc3 g6 6. Be3 Bg7 7. f3 O-O 8. Qd2
Nc6 9. O-O-O Bd7 10. g4 Qb8 11. h4 b5 12. h5 b4 13. Nce2 Ne5 14. hxg6 hxg6 15.
Bh6 Bh8 16. Bxf8 Qxf8 17. Nf4 a5 18. Nd5 Nxd5 19. exd5  1-0

[Event "1. OEsterreichische Internet Schach Meisterschaft - Vorrunde 1"]
[Site "Online - Playchess.com"]
[Date ""]
[Round "3"]
[Board "67"]
[White "Schein, Leopold"]
[Black "Messner, Andreas"]
[Result "0-1"]
[WhiteElo "1584"]
[BlackElo "1856"]
[PlyCount "134"]
[EventDate "2020.04.11"]
[EventRounds "9"]
[EventCountry "AUT"]

1. d4 Nf6 2. Nf3 d5 3. g3 c6 4. Bg2 h6 5. O-O Bf5 6. Bd2 e6 7. c4 Bd6 8. c5 Bc7
9. Qb3 b5 10. Nc3 O-O 11. a4 bxa4 12. Qxa4 Re8 13. Rfe1 a5 14. e3 Qd7 15. Ne2
Na6 16. Ra3 Reb8 17. b3 Ne4 18. Bxa5 Naxc5 19. dxc5 Rxa5 20. Qxa5 Bxa5 21. Rxa5
Rxb3 22. Ned4 Rb7 23. Ra6 Nxc5 24. Rxc6 Nb3 25. Ne5 Nxd4 26. Nxd7 Nxc6 27. Nc5
Rb1 28. Rxb1 Bxb1 29. Kf1 Kf8 30. Nb3 Ke7 31. Ke1 Ba2 32. Nd2 Ne5 33. Ke2 Bc4+
34. Nxc4 Nxc4 35. Kd3 Ne5+ 36. Kd4 Kd6 37. f4 Ng4 38. h3 Nf6 39. g4 Nd7 40. e4
dxe4 41. Bxe4 e5+ 42. fxe5+ Nxe5 43. Bf5 Nf3+ 44. Ke4 Ng5+ 45. Kf4 Nxh3+ 46.
Kg3 Ng5 47. Bb1 Ke5 48. Bf5 g6 49. Bc2 Ne4+ 50. Kf3 Nf6 51. Kg3 Nd5 52. Bb3 f6
53. Kf3 h5 54. gxh5 gxh5 55. Bd1 h4 56. Kg4 Ne3+ 57. Kxh4 Nxd1 58. Kg3 Ke4 59.
Kg2 Ke3 60. Kf1 f5 61. Ke1 Nc3 62. Kf1 f4 63. Kg1 f3 64. Kf1 Ne4 65. Ke1 Nd2
66. Kd1 f2 67. Kc2 f1=Q {Leoschein gibt auf}  0-1

[Event "1. OEsterreichische Internet Schach Meisterschaft - Vorrunde 1"]
[Site "Online - Playchess.com"]
[Date ""]
[Round "3"]
[Board "69"]
[White "Gelbenegger, Patrick"]
[Black "Nyenstad, Martin"]
[Result "1-0"]
[WhiteElo "2240"]
[BlackElo "800"]
[PlyCount "93"]
[EventDate "2020.04.11"]
[EventRounds "9"]
[EventCountry "AUT"]

1. e4 e5 2. Nf3 Nc6 3. Bc4 Nf6 4. d3 Bc5 5. c3 O-O 6. O-O a6 7. Re1 b5 8. Bb3
d6 9. Bg5 h6 10. Bh4 Bg4 11. Bd5 Nxd5 12. Bxd8 Nxd8 13. exd5 Nb7 14. d4 Bxd4
15. cxd4 Na5 16. dxe5 dxe5 17. Nc3 Nc4 18. Qc2 Rad8 19. b3 Na3 20. Qe4 Bd7 21.
Rac1 c6 22. Qb4 Nc4 23. bxc4 bxc4 24. Qxc4 Rde8 25. dxc6 Bxc6 26. Qxc6 e4 27.
Nxe4 Rc8 28. Qxc8 Rxc8 29. Rxc8+ Kh7 30. Ne5 f6 31. Nf3 Kg6 32. Nc3 f5 33. Rc6+
Kh5 34. Ne2 Kg4 35. Rc4+ f4 36. Rxf4+ Kh5 37. Ng3+ Kg6 38. Ra4 Kf6 39. Rb1 g5
40. Rb6+ Kg7 41. Nh5+ Kh7 42. Ne5 Kg8 43. h3 Kf8 44. Rb7 Ke8 45. g3 g4 46. Rg7
Kf8 47. hxg4 {Zeit}  1-0

[Event "1. OEsterreichische Internet Schach Meisterschaft - Vorrunde 1"]
[Site "Online - Playchess.com"]
[Date ""]
[Round "3"]
[Board "70"]
[White "Brod, Manfred"]
[Black "Kipman, Felix"]
[Result "1-0"]
[WhiteElo "2211"]
[BlackElo "1576"]
[PlyCount "33"]
[EventDate "2020.04.11"]
[EventRounds "9"]
[EventCountry "AUT"]

1. e4 c6 2. d4 d5 3. Nc3 dxe4 4. Nxe4 Bf5 5. Ng3 Bg6 6. Bc4 e6 7. N1e2 Nf6 8.
h4 h6 9. Nf4 Bh7 10. Ngh5 Nbd7 11. c3 Bd6 12. Nxg7+ Kf8 13. Ngxe6+ fxe6 14.
Nxe6+ Ke7 15. Nxd8 Raxd8 16. Qe2+ Kf8 17. Bxh6#  1-0

[Event "1. OEsterreichische Internet Schach Meisterschaft - Vorrunde 1"]
[Site "Online - Playchess.com"]
[Date ""]
[Round "3"]
[Board "71"]
[White "Pirker, Christian"]
[Black "Griessnig, Thomas"]
[Result "1-0"]
[WhiteElo "2167"]
[BlackElo "1895"]
[PlyCount "73"]
[EventDate "2020.04.11"]
[EventRounds "9"]
[EventCountry "AUT"]

1. e4 e6 2. d3 b6 3. g3 Bb7 4. Bg2 g6 5. Nc3 Bg7 6. Nf3 Ne7 7. O-O O-O 8. Re1
d5 9. e5 c5 10. h4 Qc7 11. Bf4 Nd7 12. h5 a6 13. Qd2 d4 14. Ne4 Bxe4 15. Rxe4
Nd5 16. Rae1 Nxf4 17. Qxf4 b5 18. Qg5 Qd8 19. Qg4 Qe7 20. Bh3 Rae8 21. Kg2 f5
22. exf6 Nxf6 23. Qxe6+ Qxe6 24. Rxe6 Rxe6 25. Bxe6+ Kh8 26. hxg6 hxg6 27. Rh1+
Bh6 28. Rxh6+ Kg7 29. Rh1 c4 30. dxc4 bxc4 31. Bxc4 Ne4 32. Bxa6 g5 33. Re1 Nc5
34. Bd3 g4 35. Nxd4 Nxd3 36. cxd3 Rd8 37. Ne6+  1-0

[Event "1. OEsterreichische Internet Schach Meisterschaft - Vorrunde 1"]
[Site "Online - Playchess.com"]
[Date ""]
[Round "3"]
[Board "72"]
[White "Steirer, Gerhard"]
[Black "Hofer, Maximilian"]
[Result "0-1"]
[WhiteElo "1854"]
[BlackElo "2108"]
[PlyCount "82"]
[EventDate "2020.04.11"]
[EventRounds "9"]
[EventCountry "AUT"]

1. e4 e5 2. Nc3 Nf6 3. f4 d6 4. Nf3 Nc6 5. Bc4 Be7 6. O-O O-O 7. d3 Nd7 8. f5
Nb6 9. Bb3 Bf6 10. a4 Nd4 11. Nxd4 exd4 12. Ne2 a5 13. Rf3 d5 14. Rh3 dxe4 15.
dxe4 g6 16. Bh6 Re8 17. fxg6 hxg6 18. Qd3 Bxh3 19. gxh3 c5 20. Qg3 c4 21. Ba2
Rxe4 22. Nf4 Bg7 23. Bxg7 Kxg7 24. Nh5+ Kh7 25. Nf4 d3 26. cxd3 Qd4+ 27. Kh1
Rxf4 28. dxc4 Qe4+ 29. Kg1 Rd8 30. Re1 Qd4+ 31. Kh1 Qf2 32. Bb1 Rd2 33. h4 Qxg3
34. hxg3 Rff2 35. Rc1 Rh2+ 36. Kg1 Rdg2+ 37. Kf1 Rxg3 38. Be4 Nd7 39. Bxb7 Ne5
40. c5 Nd3 41. Rc3 Rf2#  0-1

[Event "1. OEsterreichische Internet Schach Meisterschaft - Vorrunde 1"]
[Site "Online - Playchess.com"]
[Date ""]
[Round "3"]
[Board "73"]
[White "Buchner, Martin"]
[Black "Streiter, Gerhard"]
[Result "0-1"]
[WhiteElo "2055"]
[BlackElo "1964"]
[PlyCount "100"]
[EventDate "2020.04.11"]
[EventRounds "9"]
[EventCountry "AUT"]

1. d4 Nf6 2. Nf3 d5 3. e3 Bg4 4. Be2 e6 5. c4 c6 6. Qb3 Qb6 7. Qxb6 axb6 8. Nc3
Bb4 9. Bd2 Nbd7 10. a3 O-O 11. O-O Bxc3 12. Bxc3 Ne4 13. h3 Nxc3 14. bxc3 Bf5
15. Nh4 Bg6 16. Nxg6 hxg6 17. Rfb1 Ra4 18. cxd5 exd5 19. Bd1 Ra5 20. Bg4 Nf6
21. Rxb6 Nxg4 22. hxg4 Rfa8 23. Rb3 b5 24. Kf1 Kf8 25. Ke2 Ke7 26. Kd3 f5 27.
g5 Rh8 28. f4 Rh2 29. Ra2 Rh1 30. Rbb2 Rd1+ 31. Rd2 Rxd2+ 32. Kxd2 Kd6 33. Kc2
Ra4 34. Kb3 Ra8 35. Rf2 Rh8 36. Re2 Rh2 37. Kb4 Rh8 38. Ra2 Rh2 39. a4 bxa4 40.
Kxa4 Rh8 41. Kb4 Rb8+ 42. Ka3 Rb1 43. Rb2 Ra1+ 44. Ra2 Rc1 45. Rb2 Rxc3+ 46.
Kb4 Rxe3 47. Rb3 Re4 48. Rd3 Rxf4 49. Rc3 Rxd4+ 50. Kb3 c5  0-1

[Event "1. OEsterreichische Internet Schach Meisterschaft - Vorrunde 1"]
[Site "Online - Playchess.com"]
[Date ""]
[Round "3"]
[Board "74"]
[White "Kondrak, Christoph"]
[Black "Vojic, Isak"]
[Result "1-0"]
[WhiteElo "2033"]
[BlackElo "1586"]
[PlyCount "127"]
[EventDate "2020.04.11"]
[EventRounds "9"]
[EventCountry "AUT"]

1. d4 Nf6 2. Nf3 g6 3. c4 Bg7 4. Nc3 O-O 5. Bf4 d6 6. e3 b6 7. h3 Bb7 8. Be2
Nbd7 9. Rc1 e5 10. Bh2 e4 11. Nd2 Ne8 12. O-O f5 13. b4 Rc8 14. Nd5 Nef6 15.
Nf4 Qe7 16. d5 g5 17. Ne6 Rfe8 18. Nxg5 Nxd5 19. Ngxe4 Nxb4 20. Nc3 Bxc3 21.
Rxc3 Nxa2 22. Ra3 Nb4 23. Rxa7 Rb8 24. Bf3 Nc5 25. Bxb7 Rxb7 26. Rxb7 Nxb7 27.
Nf3 Nc5 28. Nd4 Qf7 29. Qf3 Rf8 30. Rc1 Nbd3 31. Rc3 Ne5 32. Bxe5 dxe5 33. Nb5
Qg7 34. Rc2 e4 35. Qf4 Rf7 36. Nd4 Kf8 37. Nxf5 Qf6 38. Nd4 Qxf4 39. exf4 Rxf4
40. Ne6+ Nxe6 41. g3 Ke7 42. Kg2 Rf7 43. Re2 Rf6 44. g4 Kd7 45. Rxe4 Rf7 46.
Kg3 Nc5 47. Rd4+ Kc6 48. f4 Rd7 49. Rxd7 Kxd7 50. g5 Ke7 51. f5 Nd7 52. Kf4 c6
53. h4 b5 54. cxb5 cxb5 55. h5 b4 56. Ke3 Kd6 57. g6 hxg6 58. h6 Nf6 59. fxg6
Ke7 60. h7 Nxh7 61. gxh7 b3 62. h8=Q Kd6 63. Qc3 Kd5 64. Qxb3+ {Isi10 gibt auf}
 1-0

[Event "1. OEsterreichische Internet Schach Meisterschaft - Vorrunde 1"]
[Site "Online - Playchess.com"]
[Date ""]
[Round "3"]
[Board "75"]
[White "Horvath, Maria"]
[Black "Haselsberger, Armin"]
[Result "1-0"]
[WhiteElo "1995"]
[BlackElo "1395"]
[PlyCount "53"]
[EventDate "2020.04.11"]
[EventRounds "9"]
[EventCountry "AUT"]

1. d4 d5 2. Nf3 Nf6 3. e3 Bf5 4. c4 c6 5. Nc3 e6 6. Qb3 Qc7 7. Nh4 Bg6 8. Nxg6
hxg6 9. h3 Nbd7 10. Bd3 Be7 11. Bd2 dxc4 12. Bxc4 Nb6 13. Bd3 Nbd5 14. e4 Nxc3
15. bxc3 a5 16. a4 Rb8 17. O-O Ng4 18. e5 Nh6 19. Rab1 Bd8 20. c4 Ng8 21. Rfe1
Ne7 22. Be4 O-O 23. Bf3 Nf5 24. Bc3 Qd7 25. d5 exd5 26. cxd5 cxd5 27. Bxd5  1-0

[Event "1. OEsterreichische Internet Schach Meisterschaft - Vorrunde 1"]
[Site "Online - Playchess.com"]
[Date ""]
[Round "3"]
[Board "76"]
[White "Kubik, Gerhard"]
[Black "Breneis, Gerhard"]
[Result "0-1"]
[WhiteElo "1985"]
[BlackElo "1990"]
[PlyCount "70"]
[EventDate "2020.04.11"]
[EventRounds "9"]
[EventCountry "AUT"]

1. d4 d5 2. Nc3 f5 3. Bf4 Nf6 4. e3 c6 5. Be2 e6 6. h4 Bd6 7. Nf3 Bxf4 8. exf4
Nbd7 9. Ng5 Qe7 10. h5 Ne4 11. Ncxe4 fxe4 12. Qd2 h6 13. Nh3 c5 14. O-O-O cxd4
15. Qxd4 Qf6 16. f3 Qxd4 17. Rxd4 Nf6 18. fxe4 Nxe4 19. Bb5+ Bd7 20. Bxd7+ Kxd7
21. Rhd1 Ke7 22. c4 Rac8 23. Kb1 Rxc4 24. Rxc4 dxc4 25. Rd4 Nd6 26. Nf2 b5 27.
Kc2 Rf8 28. g3 Nf5 29. Rd1 Ne3+ 30. Kc1 Nxd1 31. Kxd1 Rd8+ 32. Ke2 a5 33. Ke3
b4 34. Ne4 Rd1 35. Nc5 Ra1 {GMGeku gibt auf}  0-1

[Event "1. OEsterreichische Internet Schach Meisterschaft - Vorrunde 1"]
[Site "Online - Playchess.com"]
[Date ""]
[Round "3"]
[Board "77"]
[White "Staudacher, Karl-Heinz"]
[Black "Gallob, Marko"]
[Result "0-1"]
[WhiteElo "1734"]
[BlackElo "1961"]
[PlyCount "70"]
[EventDate "2020.04.11"]
[EventRounds "9"]
[EventCountry "AUT"]

1. Nf3 Nf6 2. g3 g6 3. Bg2 Bg7 4. O-O O-O 5. c4 c5 6. Nc3 e6 7. b3 Nc6 8. Bb2
d5 9. d4 cxd4 10. Nxd4 a6 11. Nxc6 bxc6 12. cxd5 cxd5 13. Qc2 Bb7 14. Rfd1 Rc8
15. Qd3 Qa5 16. Rac1 Rc7 17. Na4 Rfc8 18. Bc3 Qb5 19. Qd4 Ne8 20. Qe3 Bxc3 21.
Nxc3 Qa5 22. Na4 Nd6 23. Rxc7 Rxc7 24. Qf4 Nb5 25. e4 Nd4 26. Rxd4 Qe1+ 27. Bf1
a5 28. Qd2 Qb1 29. Nc3 Qa1 30. exd5 Rxc3 31. dxe6 Ba6 32. Rd8+ Kg7 33. Qd4+ Kh6
34. Qh4+ Kg7 35. exf7 Qxf1#  0-1

[Event "1. OEsterreichische Internet Schach Meisterschaft - Vorrunde 1"]
[Site "Online - Playchess.com"]
[Date ""]
[Round "3"]
[Board "78"]
[White "Katter, Katharina"]
[Black "Simon, Christopher"]
[Result "0-1"]
[WhiteElo "1930"]
[BlackElo "1824"]
[PlyCount "110"]
[EventDate "2020.04.11"]
[EventRounds "9"]
[EventCountry "AUT"]

1. d4 g6 2. Nf3 Bg7 3. e3 d6 4. b3 Nf6 5. Bb2 O-O 6. Be2 Nbd7 7. O-O Re8 8. c4
a6 9. Nbd2 Nf8 10. Qc2 Bg4 11. h3 Bxf3 12. Nxf3 N6d7 13. Rac1 e5 14. dxe5 Nxe5
15. Rfd1 Qe7 16. Bd4 Nfd7 17. b4 Nxf3+ 18. Bxf3 c6 19. a4 Ne5 20. Be2 Rad8 21.
Bf1 d5 22. c5 h5 23. Qc3 Qf8 24. b5 axb5 25. axb5 Nd7 26. bxc6 bxc6 27. Rb1 Rb8
28. Ra1 Bxd4 29. exd4 Ra8 30. Ra3 Nf6 31. Rda1 Ne4 32. Qc2 Rxa3 33. Rxa3 Ra8
34. Qa2 Rxa3 35. Qxa3 Qb8 36. Bd3 Ng5 37. h4 Ne6 38. Qa1 Kg7 39. g3 Qb4 40. Kg2
Qxd4 41. Qxd4+ Nxd4 42. f4 Nb3 43. f5 Nxc5 44. Bc2 Kf6 45. fxg6 fxg6 46. Kf3 d4
47. Kf4 Ne6+ 48. Ke4 c5 49. Kd5 g5 50. Bd3 gxh4 51. gxh4 Nf4+ 52. Ke4 Nxd3 53.
Kxd3 Kf5 54. Kc4 Kg4 55. Kd3 Kxh4 {Weirdo1 gibt auf}  0-1

[Event "1. OEsterreichische Internet Schach Meisterschaft - Vorrunde 1"]
[Site "Online - Playchess.com"]
[Date ""]
[Round "3"]
[Board "79"]
[White "Keim, Philipp"]
[Black "Schroettner, Tobias Julian"]
[Result "1-0"]
[WhiteElo "1919"]
[BlackElo "1503"]
[PlyCount "73"]
[EventDate "2020.04.11"]
[EventRounds "9"]
[EventCountry "AUT"]

1. Nf3 Nf6 2. c4 g6 3. Nc3 Bg7 4. g3 d6 5. Bg2 O-O 6. O-O Nc6 7. d4 e5 8. e3
Bg4 9. d5 Ne7 10. Qc2 b6 11. e4 Qd7 12. b4 Ne8 13. Bd2 f5 14. Ng5 f4 15. gxf4
h6 16. Ne6 Bxe6 17. dxe6 Qxe6 18. f5 Qf6 19. Qd3 Rc8 20. fxg6 Qxg6 21. Qg3 Nf6
22. Nd5 Qxg3 23. fxg3 Nexd5 24. cxd5 c5 25. Bh3 Rc7 26. Be6+ Kh8 27. Bf5 Rcf7
28. bxc5 bxc5 29. Rab1 Ne8 30. g4 Nc7 31. Rf3 Na6 32. Rh3 Nb4 33. Bxh6 Bxh6 34.
Rxh6+ Kg8 35. Rxd6 Rg7 36. Rxb4 c4 37. Rxc4  1-0

[Event "1. OEsterreichische Internet Schach Meisterschaft - Vorrunde 1"]
[Site "Online - Playchess.com"]
[Date ""]
[Round "3"]
[Board "80"]
[White "Schein, Alexander"]
[Black "Zechner, Andrea"]
[Result "1/2-1/2"]
[WhiteElo "1631"]
[BlackElo "1862"]
[PlyCount "152"]
[EventDate "2020.04.11"]
[EventRounds "9"]
[EventCountry "AUT"]

1. e4 e6 2. d4 d5 3. exd5 exd5 4. Nf3 Bd6 5. Nc3 Ne7 6. Bd3 Bg4 7. h3 Bh5 8.
Bg5 f6 9. Bh4 Nbc6 10. Bb5 Qd7 11. g4 Bf7 12. Qd2 O-O-O 13. O-O-O Ng6 14. Bg3
Bb4 15. a3 Ba5 16. Qd3 Rhe8 17. Rhe1 Nf8 18. Nh4 g6 19. f4 Ne6 20. Nf3 Bb6 21.
Bxc6 Qxc6 22. Qb5 Qxb5 23. Nxb5 c6 24. Nc3 Bc7 25. Kb1 Nxf4 26. Rxe8 Rxe8 27.
Bxf4 Bxf4 28. Rf1 Bd6 29. Nd2 Re6 30. Nb3 b6 31. a4 Kd7 32. Kc1 Bb4 33. Kd2
Bxc3+ 34. Kxc3 Ke7 35. a5 Re3+ 36. Kd2 Rxh3 37. axb6 axb6 38. g5 Rh2+ 39. Kc3
fxg5 40. Nd2 Be6 41. Nf3 Rh3 42. Kd2 g4 43. Ng5 Rh2+ 44. Kc3 h5 45. Re1 g3 46.
Rxe6+ Kd7 47. Rxg6 g2 48. Nf3 Rh3 49. Rxg2 Rxf3+ 50. Kd2 h4 51. Rh2 Rf4 52. Ke3
Re4+ 53. Kd3 Kd6 54. c4 c5 55. cxd5 Kxd5 56. dxc5 bxc5 57. Kc2 Kc4 58. Rh3 Kd4
59. b3 c4 60. bxc4 Kxc4 61. Rc3+ Kd4 62. Rd3+ Ke5 63. Rh3 Kf5 64. Kd3 Rf4 65.
Ke3 Ra4 66. Kf2 Kg4 67. Rh2 h3 68. Kg1 Ra1+ 69. Kf2 Ra2+ 70. Kg1 Ra1+ 71. Kf2
Ra2+ 72. Kg1 Rxh2 73. Kxh2 Kh4 74. Kh1 Kg3 75. Kg1 h2+ 76. Kh1 Kh3  1/2-1/2

[Event "1. OEsterreichische Internet Schach Meisterschaft - Vorrunde 1"]
[Site "Online - Playchess.com"]
[Date ""]
[Round "3"]
[Board "81"]
[White "Kellner, Nikolaus"]
[Black "Chen, Qingxia"]
[Result "0-1"]
[WhiteElo "1685"]
[BlackElo "1776"]
[PlyCount "50"]
[EventDate "2020.04.11"]
[EventRounds "9"]
[EventCountry "AUT"]

1. g4 e5 2. c4 Nc6 3. Nc3 Bc5 4. d3 Qh4 5. e3 a6 6. h3 d6 7. Nf3 Qd8 8. d4 exd4
9. Nxd4 Nf6 10. Nd5 Nxd5 11. cxd5 Nxd4 12. exd4 Qe7+ 13. Be3 Bb4+ 14. Ke2 O-O
15. a3 Ba5 16. b4 Bb6 17. Qd3 Qh4 18. Bg2 Re8 19. f3 Bd7 20. Kd2 Bb5 21. Qc3
Qg3 22. Rhg1 Re7 23. Bh1 Qh4 24. Rae1 Rae8 25. f4 Rxe3 {Zeit}  0-1

[Event "1. OEsterreichische Internet Schach Meisterschaft - Vorrunde 1"]
[Site "Online - Playchess.com"]
[Date ""]
[Round "3"]
[Board "83"]
[White "Ticar, Clemens"]
[Black "Thummer, Philipp"]
[Result "1/2-1/2"]
[WhiteElo "1753"]
[BlackElo "1207"]
[PlyCount "105"]
[EventDate "2020.04.11"]
[EventRounds "9"]
[EventCountry "AUT"]

1. Nf3 d6 2. g3 c6 3. e4 g6 4. Bg2 Bg7 5. d3 Nd7 6. c3 Ngf6 7. O-O O-O 8. Be3
b6 9. Qd2 Ng4 10. Bg5 h6 11. h3 hxg5 12. hxg4 f6 13. Na3 Ne5 14. Nxe5 dxe5 15.
Nc2 Bxg4 16. Ne3 Be6 17. f4 gxf4 18. gxf4 Qc7 19. f5 gxf5 20. Nxf5 Bxf5 21.
Rxf5 Kf7 22. Bf3 Rh8 23. Bh5+ Kf8 24. Qe2 e6 25. Rf2 Ke7 26. Rg2 Rag8 27. Kf2
Bh6 28. Rag1 Rxg2+ 29. Rxg2 Bg5 30. Ke1 Qd8 31. Kd1 Qf8 32. Kc2 Qh6 33. Bf3 Bf4
34. Qf1 Rh7 35. Qg1 Kf7 36. Rg8 Rg7 37. Rxg7+ Qxg7 38. Qxg7+ Kxg7 39. Kd1 Kh6
40. Ke2 Kg5 41. Kf2 f5 42. exf5 exf5 43. Bxc6 Bc1 44. b3 Bb2 45. c4 Bd4+ 46.
Kf3 Kh4 47. Bd7 Kg5 48. Bc8 Kf6 49. Bb7 Ke6 50. Bd5+ Kf6 51. Bb7 Ke6 52. Bc8+
Kf6 53. Bb7  1/2-1/2

[Event "1. OEsterreichische Internet Schach Meisterschaft - Vorrunde 1"]
[Site "Online - Playchess.com"]
[Date ""]
[Round "3"]
[Board "85"]
[White "Mittelbach, Eduard"]
[Black "Gall, Bernhard"]
[Result "1-0"]
[WhiteElo "1667"]
[BlackElo "1244"]
[PlyCount "41"]
[EventDate "2020.04.11"]
[EventRounds "9"]
[EventCountry "AUT"]

1. e4 c5 2. Nc3 e6 3. Bc4 Nc6 4. Nf3 d6 5. O-O Nf6 6. d3 g6 7. a3 Bg7 8. Ng5
O-O 9. f4 h6 10. Nf3 Nh5 11. g4 Nf6 12. f5 exf5 13. exf5 gxf5 14. gxf5 Bxf5 15.
Nd5 Nxd5 16. Bxd5 Re8 17. Nd2 Qg5+ 18. Kh1 Qf6 19. Ne4 Bxe4+ 20. dxe4 Re5 21.
Rxf6  1-0

[Event "1. OEsterreichische Internet Schach Meisterschaft - Vorrunde 1"]
[Site "Online - Playchess.com"]
[Date ""]
[Round "3"]
[Board "86"]
[White "Katter, Marlene"]
[Black "Kanzian, Heinz"]
[Result "1-0"]
[WhiteElo "1609"]
[BlackElo "1642"]
[PlyCount "83"]
[EventDate "2020.04.11"]
[EventRounds "9"]
[EventCountry "AUT"]

1. d4 d5 2. Bf4 Nf6 3. e3 Nc6 4. Nf3 e6 5. Bb5 Bd7 6. Ne5 a6 7. Nxc6 bxc6 8.
Bd3 c5 9. c3 cxd4 10. cxd4 c5 11. Nc3 cxd4 12. exd4 Be7 13. Qe2 O-O 14. Bxa6
Qb6 15. Bd3 Bb4 16. Be3 Bxc3+ 17. bxc3 h6 18. O-O Ne4 19. Bxe4 dxe4 20. Rab1
Qc7 21. Rfc1 Rab8 22. Qg4 f5 23. Qg3 Qxg3 24. hxg3 Rbc8 25. Rb7 Bb5 26. Rxb5
Ra8 27. Rb2 Rfc8 28. c4 g5 29. Rcc2 Kf7 30. d5 exd5 31. cxd5 Rxc2 32. Rxc2 Ke7
33. f3 exf3 34. gxf3 Kd6 35. Rd2 Re8 36. Kf2 f4 37. gxf4 gxf4 38. Bxf4+ Kc5 39.
d6 h5 40. d7 Rd8 41. Bg5 Rxd7 42. Rxd7 {HeinzK gibt auf}  1-0

[Event "1. OEsterreichische Internet Schach Meisterschaft - Vorrunde 1"]
[Site "Online - Playchess.com"]
[Date ""]
[Round "4"]
[Board "1"]
[White "Ragger, Markus"]
[Black "Schwabeneder, Florian"]
[Result "1-0"]
[WhiteElo "2679"]
[BlackElo "2431"]
[PlyCount "133"]
[EventDate "2020.04.11"]
[EventRounds "9"]
[EventCountry "AUT"]

1. e4 c5 2. Nf3 d6 3. Bb5+ Bd7 4. Bxd7+ Nxd7 5. Kf1 Ngf6 6. d3 e6 7. g3 Be7 8.
Kg2 O-O 9. h4 Qc7 10. h5 d5 11. Qe2 e5 12. Nh4 Rfe8 13. Nf5 Bf8 14. g4 Nb6 15.
g5 Nfd7 16. Qg4 Qc6 17. Nc3 c4 18. Qf3 dxe4 19. dxe4 Nc5 20. Be3 Rad8 21. Rad1
Nca4 22. Bxb6 Nxb6 23. Nd5 Nxd5 24. exd5 Qb6 25. Qe4 Qc5 26. Ne3 b5 27. g6 fxg6
28. hxg6 h6 29. Nf5 Qc7 30. d6 Qd7 31. Qd5+ Qe6 32. d7 Qxd5+ 33. Rxd5 Re6 34.
Rhd1 Rxg6+ 35. Kf3 Kf7 36. Rxe5 Re6 37. Rxb5 g6 38. Ne3 Rd6 39. Rxd6 Bxd6 40.
Rb7 Ke6 41. Rxa7 c3 42. bxc3 Rxd7 43. Rxd7 Kxd7 44. Ke4 Ke6 45. a4 h5 46. a5
Bc5 47. a6 g5 48. f3 Ba7 49. c4 Bc5 50. c3 Ba7 51. Nf5 Kf6 52. f4 gxf4 53. Kxf4
Ke6 54. Ng7+ Kd7 55. Nxh5 Kc6 56. Ke4 Kb6 57. Kd5 Kxa6 58. Nf6 Kb7 59. c5 Bb8
60. Ne8 Bh2 61. c6+ Kc8 62. c4 Bg3 63. Kc5 Bf2+ 64. Kb5 Kb8 65. c5 Kc8 66. Kb6
Bg3 67. Nd6+ {Oh_Pardon gibt auf}  1-0

[Event "1. OEsterreichische Internet Schach Meisterschaft - Vorrunde 1"]
[Site "Online - Playchess.com"]
[Date ""]
[Round "4"]
[Board "2"]
[White "Froewis, Georg"]
[Black "Rieger, Robert"]
[Result "1/2-1/2"]
[WhiteElo "2457"]
[BlackElo "2307"]
[PlyCount "110"]
[EventDate "2020.04.11"]
[EventRounds "9"]
[EventCountry "AUT"]

1. Nf3 c5 2. b3 Nf6 3. Bb2 d5 4. e3 Nc6 5. d4 cxd4 6. exd4 Bg4 7. Nbd2 e6 8. a3
Bd6 9. Bd3 O-O 10. h3 Bf5 11. Bxf5 exf5 12. O-O Ne4 13. c4 Bf4 14. Nxe4 fxe4
15. Ne5 f5 16. Qe2 Re8 17. Rfd1 Nxe5 18. dxe5 Bxe5 19. Rxd5 Qf6 20. Bxe5 Rxe5
21. Rad1 Rae8 22. Rd7 b6 23. R1d6 Qg5 24. Rd1 a5 25. R7d6 e3 26. fxe3 Rxe3 27.
Qf1 f4 28. R6d2 Rg3 29. Re1 Rf8 30. Rf2 f3 31. Kh2 Rxg2+ 32. Rxg2 fxg2 33. Qxg2
Qf6 34. Rg1 Qf4+ 35. Qg3 Qf6 36. Rg2 h6 37. b4 axb4 38. axb4 Rf7 39. c5 bxc5
40. bxc5 Kh7 41. Qd3+ Qf5 42. Qxf5+ Rxf5 43. Rc2 Rf7 44. c6 Rc7 45. Kg3 Kg6 46.
Kg4 Kf6 47. Kh5 Kf5 48. Rc5+ Kf6 49. h4 Kf7 50. Kg4 g6 51. Kf3 Ke6 52. h5 gxh5
53. Rxh5 Rxc6 54. Rxh6+ Kd5 55. Rxc6 Kxc6  1/2-1/2